Левша. 1966, № 23 (233): Это поможет лучше учиться (Запись № 8249871)

Подробности
000 -МАРКЕР
контрольное поле 01480nam2a22003131 4500
001 - ИДЕНТИФИКАТОР ЗАПИСИ
контрольное поле rc\4878937
005 - ИДЕНТИФИКАТОР ВЕРСИИ
контрольное поле 20250612201004.0
035 ## - ДРУГИЕ СИСТЕМНЫЕ НОМЕРА
Идентификатор записи (NLR Aleph) 008825635
100 ## - ДАННЫЕ ОБЩЕЙ ОБРАБОТКИ
Данные общей обработки 20130426d1966 |||y0rusy50 ca
101 0# - ЯЗЫК РЕСУРСА
Язык текста, звукозаписи и т.д. русский
102 ## - СТРАНА ПУБЛИКАЦИИ ИЛИ ПРОИЗВОДСТВА
Страна публикации Российская Федерация
105 ## - ПОЛЕ КОДИРОВАННЫХ ДАННЫХ: ТЕКСТОВЫЕ МАТЕРИАЛЫ, МОНОГРАФИЧЕСКИЕ
Кодированные данные о монографическом текстовом документе a z |||||
200 1# - ЗАГЛАВИЕ И СВЕДЕНИЯ ОБ ОТВЕТСТВЕННОСТИ
Основное заглавие Это поможет лучше учиться
Первые сведения об ответственности Центр. станция юных техников
210 ## - ПУБЛИКАЦИЯ, РАСПРОСТРАНЕНИЕ И ДР.
Место издания, распространения и т.д. Москва
Имя издателя, распространителя и т. д. Малыш
Дата издания, распространения и т.д. 1966
215 ## - ФИЗИЧЕСКАЯ ХАРАКТЕРИСТИКА
Специфическое обозначение материала и объем [2] с. на обл., 1 л. ил. с текстом
Размеры 23
225 0# - СЕРИЯ
Основное заглавие серии [Для умелых рук]
Обозначение тома № 23 (233)
300 ## - ОБЩИЕ ПРИМЕЧАНИЯ
Текст примечания Прил. к журн. "Юный техник"
300 ## - ОБЩИЕ ПРИМЕЧАНИЯ
Текст примечания Авт. указан на 1-й с.
422 #0 - ИЗДАНИЕ, К КОТОРОМУ ОТНОСИТСЯ ПРИЛОЖЕНИЕ
Встроенное поле 2001#$aЮный техник
Заглавие Юный техник
461 #0 - УРОВЕНЬ НАБОРА
Встроенное поле 001RU\NLR\INFOCOMM15\1000112638
-- 2001#$aЛевша$eПрил. к журн. "Юный техник"$fТруд. коллектив журн. "Юный техник". Изд.-полигр. об-ние "Молодая гвардия"$v1966, № 23 (233)
Системный номер (АБИС) связанной записи 2735415
Место публикации М.
Дата публикации 1961 -
Первые сведения об ответственности Труд. коллектив журн. "Юный техник". Изд.-полигр. об-ние "Молодая гвардия"
Сведения, относящиеся к заглавию Прил. к журн. "Юный техник"
Заглавие Левша
ISSN 0869-0669
Номер тома 1966, № 23 (233)
700 #1 - ИМЯ ЛИЦА - ПЕРВИЧНАЯ ОТВЕТСТВЕННОСТЬ
Начальный элемент ввода Хохлов
Часть имени, кроме начального элемента ввода П.В.
801 #0 - ИСТОЧНИК ЗАПИСИ
Страна Российская Федерация
Организация NLR
Правила каталогизации psbo
801 #1 - ИСТОЧНИК ЗАПИСИ
Страна Российская Федерация
Организация ELAR
Источник данных rusmarc
852 ## - МЕСТОНАХОЖДЕНИЕ И ШИФР ХРАНЕНИЯ
Идентификатор организации NLR
Шифр хранения (Call Number) П49/855
942 ## - ДОПОЛНИТЕЛЬНЫЕ ЭЛЕМЕНТЫ ЗАПИСИ (АБИС)
Тип экземпляра АБИС Выпуск
980 ## - КОЛЛЕКЦИЯ
Название коллекции Национальная библиография
980 ## - КОЛЛЕКЦИЯ
Название коллекции Русская периодика

Нет доступных экземпляров.